000 00377nam a2200145Ia 4500
008 200103s9999||||xx |||||||||||||| ||und||
020 _a9780078819803
040 _aIMU-MPC
082 _aColumn-18
100 _aHahn, Harley and Stout, Rick
245 4 _aThe Internet Complete Reference
260 _bMcGraw-Hill Book Company, Inc.
_c1994
300 _axxvi, 817
942 _cBK
999 _c6351
_d6351